<?xml version="1.0" encoding="UTF-8"?>
<record
    xmlns:xsi="http://www.w3.org/2001/XMLSchema-instance"
    xsi:schemaLocation="http://www.loc.gov/MARC21/slim http://www.loc.gov/standards/marcxml/schema/MARC21slim.xsd"
    xmlns="http://www.loc.gov/MARC21/slim">

  <leader>01944nam a22002177a 4500</leader>
  <controlfield tag="003">DO-CoUTE</controlfield>
  <controlfield tag="005">20260415123436.0</controlfield>
  <controlfield tag="008">260415b        dr ||||| |||| 00| 0 spa d</controlfield>
  <datafield tag="040" ind1=" " ind2=" ">
    <subfield code="a">DO-CoUTE</subfield>
    <subfield code="b">spa</subfield>
    <subfield code="c">DO-CoUTE</subfield>
  </datafield>
  <datafield tag="082" ind1=" " ind2=" ">
    <subfield code="a">RD370.114 G861e</subfield>
  </datafield>
  <datafield tag="100" ind1="1" ind2=" ">
    <subfield code="a">Grimaldi Silie, Eleanor </subfield>
    <subfield code="e">Autor </subfield>
  </datafield>
  <datafield tag="245" ind1="1" ind2="0">
    <subfield code="a">&#xC9;tica y Pedagog&#xED;a :</subfield>
    <subfield code="b">Principios &#xE9;ticos para un docente /</subfield>
    <subfield code="c">Eleanor Grimaldi silie</subfield>
  </datafield>
  <datafield tag="260" ind1=" " ind2=" ">
    <subfield code="a">Santo Domingo </subfield>
    <subfield code="b">Publicaciones O&amp;m</subfield>
    <subfield code="c">2006</subfield>
  </datafield>
  <datafield tag="300" ind1=" " ind2=" ">
    <subfield code="a">128 Paginas : </subfield>
    <subfield code="c">23cm, </subfield>
  </datafield>
  <datafield tag="504" ind1=" " ind2=" ">
    <subfield code="a">Incluye referencia bibliogr&#xE1;fica e &#xED;ndice.
</subfield>
  </datafield>
  <datafield tag="505" ind1=" " ind2=" ">
    <subfield code="a">Presentaci&#xF3;n-- Introducci&#xF3;n-- Pr&#xF3;logo-- 1. La &#xE9;tica y sus diferentes vertientes-- 2. La &#xE9;tica como filosof&#xED;a moral-- 3. La &#xE9;tica marxista-- 4. La moral. su relaci&#xF3;n con la &#xE9;tica-- 5. &#xBF;Qu&#xE9; ha ocurrido con la moral y c&#xED;vica en nuestro pa&#xED;s?-- 6. Los valores-- 7. Los valores en la sociedad latina-- 8. La condici&#xF3;n humana y la &#xE9;tica-- 9. La educaci&#xF3;n c&#xED;vica y su importancia para el desarrollo de la sociedad. Complemento de la &#xC9;tica-- 10. &#xC9;tica y la condici&#xF3;n de ser maestro-- 11. La universidad. Su misi&#xF3;n creadora e innovadora del conocimiento.-- 12. La &#xE9;tica en el reglamento de profesores de la universidad-- 13. Cualidades que complementan la labor de un maestro-- 14. Pensadores de la humanidad y la &#xE9;tica-- 15. Algunos precursores de la &#xE9;tica en Rep&#xFA;blica Dominicana-- Bibliograf&#xED;a-- &#xCD;ndice onom&#xE1;stico.</subfield>
  </datafield>
  <datafield tag="520" ind1=" " ind2=" ">
    <subfield code="a">Eleanor Grimaldi Sili&#xE9; analiza la existencia de la &#xE9;tica en las cualidades, derechos y deberes del docente, y en sus relaciones con sus estudiantes, exhaltando los pricipios &#xE9;ticos manifestados por educadores dominicanos, latinoamericanos y mundiales, que con su pensamiento, actitudes. ense&#xF1;anzas, toma de decisiones y textos, enriquecieron los principios &#xE9;ticos de su tiempo y nos legaron ense&#xF1;anzas de inestimable valor.</subfield>
  </datafield>
  <datafield tag="650" ind1=" " ind2="4">
    <subfield code="a">&#xC9;tica y pedagog&#xED;a </subfield>
  </datafield>
  <datafield tag="700" ind1="1" ind2=" ">
    <subfield code="a">Eleanor Grimaldi Silie</subfield>
    <subfield code="e">Autor </subfield>
  </datafield>
  <datafield tag="942" ind1=" " ind2=" ">
    <subfield code="2">ddc</subfield>
    <subfield code="c">BK</subfield>
  </datafield>
  <datafield tag="999" ind1=" " ind2=" ">
    <subfield code="c">24109</subfield>
    <subfield code="d">24109</subfield>
  </datafield>
  <datafield tag="952" ind1=" " ind2=" ">
    <subfield code="0">0</subfield>
    <subfield code="1">0</subfield>
    <subfield code="2">ddc</subfield>
    <subfield code="4">0</subfield>
    <subfield code="7">0</subfield>
    <subfield code="8">RD</subfield>
    <subfield code="a">BU</subfield>
    <subfield code="b">BU</subfield>
    <subfield code="c">GEN</subfield>
    <subfield code="d">2026-04-15</subfield>
    <subfield code="i">023865</subfield>
    <subfield code="l">0</subfield>
    <subfield code="o">RD370.114 G861e</subfield>
    <subfield code="p">023865</subfield>
    <subfield code="r">2026-04-15 12:35:41</subfield>
    <subfield code="t">Ej.1</subfield>
    <subfield code="w">2026-04-15</subfield>
    <subfield code="y">BK</subfield>
  </datafield>
</record>
